Random Obscura - Statistics

General Stats
  • This quiz has been taken 11 times
  • The average score is 6 of 15
Answer Stats
Hint Answer % Correct
God of Minecraft Markus ‘Notch’ Persson
88%
What a Fairytale Starts With Once Upon A Time
88%
Best Borderlands Game (Subjective) Borderlands 2
63%
RGB Code for Whte #FFFFFF
63%
Bad Steam Epic Games Store
50%
The Best Defense Against the Dark Arts Teacher Remus Lupin
38%
Creator of Discworld Sir Terry Prachet
38%
What the Bad Witch Lady in Narnia Offered Edward Turkish Delight
38%
What the Belgians did in the Congo Cut off People’s Hands
25%
What I am Bloody Lazy
13%
Was Originally Going to be Luke Skywalkers Uncle Boba Fett
13%
Home of the District 7 Federal Reserve Chicago
13%
A Branch of said Reserve Detroit
13%
A Book Cycle that is Inspired by Other Works but IS Original The Inheritance Cycle
13%
Greatest Reducer of Carbon Emissions The Mongol Empire
13%
No matching quizzes found
Score Distribution
Percent of People with Each Score
Percentile by Number Answered
Your Score History
You have not taken this quiz